LEADER 00998nam a2200229 i 4500 001 000000034652 003 CaOOAMICUS 005 20230503140233.0 008 130213s1967 it u000 u ita u 040 $aSeMil$bita 245 10$a1: Il Gesù storico. 300 $a216 p. 490 0 $aBiblioteca di cultura religiosa ;$v12 650 4$aGesù Cristo - Storiografia.$0(OLS)http://semarc/subject/5982 650 4$aTeologia biblica - Studi.$0(OLS)http://semarc/subject/1296 700 1 $aGeiselmann, Josef Rupert,$d<1890-1970>.$0(OLS)http://semarc/name/9599 773 0 $aGeiselmann, Josef Rupert <1890-1970>$tGesù il Cristo.$bEdizione italiana.$dBrescia : Paideia, 1967.$kBiblioteca di cultura religiosa$g1$w()28043 830 0$aBiblioteca di cultura religiosa ;$v12.$0(OLS)http://semarc/title/85 850 $aSeMil 852 $aSeMil$W1$xVenegono$y1$m2L II 162$j807$B807$CSeMilBibl$Z2$F807 $81 996 $6245$a1: Il Gesù storico$9(OLS)http://semarc/title/46970 LEADER 01273nam a2200301 i 4500 001 000000183243 003 CaOOAMICUS 005 20151022000000.0 008 151022s1995 it u000 u ita u 013 $a161209 020 $a88-250-0190-8 040 $aSeMil$bita 240 14$aLes pauvres et la pauvreté.$0(OLS)http://semarc/title/262999 245 12$aI poveri e la povertà :$bnella storia della Chiesa /$cPaul Christophe. 260 $aPadova :$bMessaggero,$ccopyr. 1995. 300 $a393 p. ;$c21 cm. 490 0 $aStudi religiosi 500 $aContiene : Indicazioni bibliografiche generali. 650 4$aChiesa e poveri.$0(OLS)http://semarc/subject/1343 650 4$aPovertà - Concezione cristiana.$0(OLS)http://semarc/subject/5389 650 4$aPovertà.$0(OLS)http://semarc/subject/9084 830 0$aStudi religiosi.$0(OLS)http://semarc/title/434 850 $aSeMil 852 $aSeMil$W1$xVenegono$y1$m3U II 342$j133945$B133945$CSeMilBibl$Z2$F207872 $81 961 $aOmaggio: Martinelli don Romano 996 $6020$a88-250-0190-8$9(OLS)http://semarc/number/172962 996 $6245$aI poveri e la povertà :$bnella storia della Chiesa$9(OLS)http://semarc/title/262998 996 $6260$aPadova :$bMessaggero$9(OLS)http://semarc/publisher/29786